| 000 | 00421pab a2200133 454500 | ||
|---|---|---|---|
| 008 | 180718b xxu||||| |||| 00| 0 eng d | ||
| 100 | _aTsugitaka, Sato | ||
| 245 | _aSurvey of research institutions in Beijing, Lanzhou and Quanzhou | ||
| 650 | _a Research Institutions | ||
| 650 | _aResearch - China | ||
| 700 | _aNakajima, Motoki | ||
| 773 | _aAsian research Trends: a Humanities and Social Science Review | ||
| 909 | _a21408 | ||
| 999 |
_c21408 _d21408 |
||